Detalles MARC
| 000 -LEADER |
| fixed length control field |
01545nam a2200349 a 4500 |
| 001 - CONTROL NUMBER |
| control field |
000002069 |
| 003 - CONTROL NUMBER IDENTIFIER |
| control field |
DO-SdBNP |
| 005 - DATE AND TIME OF LATEST TRANSACTION |
| control field |
20170925114500.0 |
| 007 - PHYSICAL DESCRIPTION FIXED FIELD--GENERAL INFORMATION |
| fixed length control field |
000002069 |
| 008 - FIXED-LENGTH DATA ELEMENTS--GENERAL INFORMATION |
| fixed length control field |
090630s2006 dr ac b 000 0 spa d |
| 020 ## - INTERNATIONAL STANDARD BOOK NUMBER |
| International Standard Book Number |
9993425664 |
| 040 ## - CATALOGING SOURCE |
| Original cataloging agency |
BPMSU |
| Language of cataloging |
spa |
| Transcribing agency |
BPMSU |
| 082 #4 - DEWEY DECIMAL CLASSIFICATION NUMBER |
| Classification number |
720.284028553 |
| Item number |
V748d |
| 092 ## - LOCALLY ASSIGNED DEWEY CALL NUMBER (OCLC) |
| Classification number |
|
| 100 1# - MAIN ENTRY--PERSONAL NAME |
| Personal name |
Villeta Molineaux, Jesús |
| 245 10 - TITLE STATEMENT |
| Title |
Desarrollo de proyectos usando CAD / |
| Statement of responsibility, etc. |
Jesús Villeta Molineaux. |
| 260 ## - PUBLICATION, DISTRIBUTION, ETC. (IMPRINT) |
| Place of publication, distribution, etc. |
Santo Domingo : |
| Name of publisher, distributor, etc. |
INTEC, |
| Date of publication, distribution, etc. |
2006. |
| 300 ## - PHYSICAL DESCRIPTION |
| Extent |
294 p. : |
| Other physical details |
il, retr ; |
| Dimensions |
30 cm. |
| 500 ## - GENERAL NOTE |
| General note |
Incluye índice |
| 504 ## - BIBLIOGRAPHY, ETC. NOTE |
| Bibliography, etc |
Bibliografía: p. 293-294 |
| 505 0# - FORMATTED CONTENTS NOTE |
| Formatted contents note |
Gráficos digitales, historia e integración al proyecto -- |
| Title |
CAD, diseño asistido por computador -- |
| -- |
Componentes del computador -- |
| -- |
Comandos básicos -- |
| -- |
Dibujos manuales, almacenamiento y presentación -- |
| -- |
Dibujo básico con puntos, líneas rectas y curvas -- |
| -- |
Opciones de consulta; distancias, áreas, perímetros, volúmenes y rumbos -- |
| -- |
Herramientas de precisión y selección de objetos -- |
| -- |
Edición y modificación de objetos -- |
| -- |
Organización de proyectos -- |
| -- |
Bibliografía. |
| 650 #4 - SUBJECT ADDED ENTRY--TOPICAL TERM |
| Topical term or geographic name as entry element |
DISEÑO CON AYUDA DE COMPUTADOR |
| 650 #4 - SUBJECT ADDED ENTRY--TOPICAL TERM |
| Topical term or geographic name as entry element |
ARQUITECTURA |
| General subdivision |
PROGRAMAS PARA COMPUTADOR |
| 650 #4 - SUBJECT ADDED ENTRY--TOPICAL TERM |
| Topical term or geographic name as entry element |
PRODUCCIÓN INTEGRADA POR COMPUTADOR |
| 650 #4 - SUBJECT ADDED ENTRY--TOPICAL TERM |
| Topical term or geographic name as entry element |
DISEÑO ARQUITECTÓNICO |
| 650 #4 - SUBJECT ADDED ENTRY--TOPICAL TERM |
| Topical term or geographic name as entry element |
CAD/CAM (SISTEMAS) |
| 710 2# - ADDED ENTRY--CORPORATE NAME |
| Corporate name or jurisdiction name as entry element |
Instituto Tecnológico de Santo Domingo |
| 910 ## - USER-OPTION DATA (OCLC) |
| User-option data |
Jornada de catalogación |
| 942 ## - ADDED ENTRY ELEMENTS (KOHA) |
| Source of classification or shelving scheme |
Dewey Decimal Classification |
| Koha item type |
Libros |
| 945 ## - LOCAL PROCESSING INFORMATION (OCLC) |
| a |
Inventariado / 2017 VM |
| 956 ## - LOCAL ELECTRONIC LOCATION AND ACCESS (OCLC) |
| Host name |
VMAEO |
| Access number |
10 |
| Compression information |
20150806 |
| Logon |
BPMSU |
| Processor of request |
00151 |